The grolier library of science biographies / (Record no. 95392)
[ view plain ]
| 000 -LEADER | |
|---|---|
| fixed length control field | 00357nam a22001337a 4500 |
| 005 - DATE AND TIME OF LATEST TRANSACTION | |
| control field | 20170720101521.0 |
| 008 - FIXED-LENGTH DATA ELEMENTS--GENERAL INFORMATION | |
| fixed length control field | 170720b xxu||||| |||| 00| 0 eng d |
| 040 ## - CATALOGING SOURCE | |
| Transcribing agency | PK-LaUMT |
| 082 ## - DEWEY DECIMAL CLASSIFICATION NUMBER | |
| Classification number | 509.22 |
| Item number | GRO- |
| 245 ## - TITLE STATEMENT | |
| Title | The grolier library of science biographies / |
| 260 ## - PUBLICATION, DISTRIBUTION, ETC. (IMPRINT) | |
| Place of publication, distribution, etc | Connecticut : |
| Name of publisher, distributor, etc | Grolier Educational, |
| Date of publication, distribution, etc | 1997 |
| 300 ## - PHYSICAL DESCRIPTION | |
| Extent | Vol 4 and 6 |
| 942 ## - ADDED ENTRY ELEMENTS (KOHA) | |
| Koha item type | Books |
| Withdrawn status | Lost status | Damaged status | Home library | Current library | Date acquired | Full call number | Barcode | Date last seen | Copy number | Price effective from | Koha item type |
|---|---|---|---|---|---|---|---|---|---|---|---|
| UMT Main Campus | UMT Main Campus | 2017-07-20 | 509.22 GRO- | 110132 | 2017-07-20 | Vol.4 | 2017-07-20 | Books | |||
| UMT Main Campus | UMT Main Campus | 2017-07-20 | 509.22 GRO- | 110138 | 2017-07-20 | Vol.6 | 2017-07-20 | Books |
